| 000 | 00553nam a2200169 i 4500 | ||
|---|---|---|---|
| 001 | 101633 | ||
| 003 | ES-MaACL | ||
| 005 | 20250801063030.0 | ||
| 007 | t| | ||
| 008 | 051021s1908 sp ||||1| spa d | ||
| 100 | 1 |
_aMedina, Vicente, _d1866-1937 _979718 |
|
| 245 | 1 | 0 |
_aPoesía _b: obras escogidas / _cde Vicente Medina; edición notablemente corregida por el autor y aumentada con 60 nuevas composiciones. |
| 260 |
_aCartagena : _b[s.n.], _c1908. |
||
| 300 |
_a502 p. ; _c19 cm. |
||
| 852 |
_aES-MaACL _jF-13990 |
||
| 999 |
_c101633 _d101633 |
||